El duro aprendizaje de la democracia (Registro nro. 18024)

Detalles MARC
000 -LEADER
fixed length control field 00322 a2200109 4500
001 - CONTROL NUMBER
control field ART_12774
005 - DATE AND TIME OF LATEST TRANSACTION
control field 20260410161733.0
008 - FIXED-LENGTH DATA ELEMENTS--GENERAL INFORMATION
fixed length control field 260409a
100 1# - MAIN ENTRY--PERSONAL NAME
Personal name Botana, Natalio
245 10 - TITLE STATEMENT
Title El duro aprendizaje de la democracia
773 0# - HOST ITEM ENTRY
Title Ejecutivos de finanzas
Related parts - Año 7, Nº 56 (jun. 1989)
Record control number REV2863

No hay ítems disponibles.